000 00743nam a2200217 a 4500
001 56173
003 BD-RjUL
005 20211209080349.0
008 161127s1959 bg ||||| |||| 00| 0 ben d
035 _a(BD-RjUL)56297
040 _aBD-RjUL
_bben
_cBD-RjUL
041 _aben
082 _223
_a891.442
_bHAC 1959
100 _aহক, শেখ শামসুল
_9167192
245 _aচাষীর ভাগ্য :
_bনাটক /
_cশেখ শামসুল হক
260 _aফরিদপুর :
_bশেখ গ্রন্থাগার,
_c১৯৫৯.
300 _a[৮] ১৫৭ পৃ. ;
_c১৮ সেমি.
650 _aবাংলা নাটক
_9167193
650 _aBengali Drama
_9167194
942 _2ddc
_cBK
999 _c56173
_d56173